Integrácia Arduina so Siemens PLC

Gespeichert in:
Bibliographische Detailangaben
1. Verfasser: Horník, Marek (Verfasst von)
Weitere Verfasser: Volenský, Tomáš (Betreuung Doktorarbeit)
Format: Manuskript Buch
Sprache:Slowakisch
Veröffentlicht: 2019
Schlagworte:
Online-Zugang:http://is.stuba.sk/zp/portal_zp.pl?podrobnosti=136782
Tags: Tag hinzufügen
Keine Tags, Fügen Sie das erste Tag hinzu!

MARC

LEADER 00000ntm a22000003a 4500
001 stuzp74558
003 SK-STU
005 20190608213220.7
007 ta
008 150427s2015----xo-----f-mn---000-0-slo-d
040 |a STU  |b slo 
041 0 |a slo 
100 1 |a Horník, Marek  |u 020020  |4 aut  |U SjF Strojnícka fakulta  |T SjF Ústav automatizácie, merania a aplikovanej informatiky  |X 87385  |U J0020  |Y 802  |7 87385 
242 0 1 |a Integration of Arduino with Siemens PLC  |y eng 
245 1 0 |a Integrácia Arduina so Siemens PLC 
260 |c 2019 
650 4 |a PLC  |2 slo 
650 4 |a Arduino  |2 slo 
650 4 |a Siemens  |2 slo 
650 4 |a komunikácia  |2 slo 
650 4 |a PLC  |2 eng 
650 4 |a Siemens  |2 eng 
650 4 |a Arduino  |2 eng 
650 4 |a communication  |2 eng 
700 1 |a Volenský, Tomáš  |u 020020  |k Z2  |4 ths  |U SjF Strojnícka fakulta  |T SjF Ústav automatizácie, merania a aplikovanej informatiky  |X 4039  |U J0020  |Y 802  |7 A000004039 
856 4 |u http://is.stuba.sk/zp/portal_zp.pl?podrobnosti=136782 
996 |b 284J046015  |c J* 3125/DBP  |l JJSK  |s A  |a 24  |w stuzp74558_0001